000 00458cam a22001457a 4500
008 180718b2005 xxu||||| |||| 00| 0 eng d
082 _aT15x54 B223e
100 _aBanerJi, Pranab
245 _aEnvironment & consumer: global quest for sustainadle consumption
_cby Pranab BanerJi
260 _aNew Delhi
_bIndian Institute of Public Administration
_c2005
300 _a30p.
650 _aEnvironment
650 _aConsumer protection
650 _aConsumption
999 _c502305
_d502305